| 000 | 00315nam a2200133 i 4500 | ||
|---|---|---|---|
| 001 | bg | ||
| 245 | 0 | _aDozimetrija intensivnych potokov ionizirujuscich izlucenij. | |
| 260 |
_aTaskent, _c1969. |
||
| 040 | _cBPK | ||
| 041 | _apol | ||
| 080 | _a621.039.55 | ||
| 942 | _cKS | ||
| 008 | s pl f |000 0 pol | ||
| 999 |
_c8928 _d8928 |
||
| 856 |
_uhttp://koha.tu.koszalin.pl/cgi-bin/koha/opac-detail.pl?biblionumber=8928 _yKatalog online BPK |
||